Đánh giá hiệu quả việc áp dụng thu phí vệ sinh, phí bảo vệ môi trường trong lĩnh vực chất thải rắn tại thành phố Hồ Chí Minh và đề xuất một số giải pháp điều chỉnh : Luận văn thạc sĩ - Chuyên ngành: Quản lý tài nguyên và môi trường

Guardat en:
Dades bibliogràfiques
Autor principal: Lê, Thị Thu Trang
Format: Luận văn
Idioma:Undetermined
Publicat: Trường Đại học Công nghiệp Tp. Hồ Chí Minh 2017
Matèries:
Etiquetes: Afegir etiqueta
Sense etiquetes, Sigues el primer a etiquetar aquest registre!
Thư viện lưu trữ: Trung tâm Thư viện - Trường Đại học Công nghiệp TP. Hồ Chí Minh
LEADER 00903nam a2200157Ia 4500
001 UIH_01158
008 230809s9999 xx 000 0 und d
082 |a 628 
100 |a Lê, Thị Thu Trang 
245 0 |a Đánh giá hiệu quả việc áp dụng thu phí vệ sinh, phí bảo vệ môi trường trong lĩnh vực chất thải rắn tại thành phố Hồ Chí Minh và đề xuất một số giải pháp điều chỉnh : Luận văn thạc sĩ - Chuyên ngành: Quản lý tài nguyên và môi trường 
245 0 |c Lê, Thị Thu Trang 
260 |b Trường Đại học Công nghiệp Tp. Hồ Chí Minh 
260 |c 2017 
650 |a Quản lý môi trường;Bảo vệ môi trường; 
927 |a Luận văn 
980 |a Trung tâm Thư viện - Trường Đại học Công nghiệp TP. Hồ Chí Minh